| 000 | 01177camaa22003731i 4500 | ||
|---|---|---|---|
| 003 | EG-GICUC | ||
| 005 | 20260628125901.0 | ||
| 008 | 911107s1992 nyua jr 000 0 eng | ||
| 010 | _a | ||
| 020 | _a0023546867 | ||
| 020 | _a9780023546860 | ||
| 035 | _a4853252 | ||
| 040 |
_aEG-GICUC _cEG-GICUC _dEG-GICUC _beng _erda |
||
| 050 | 0 | 0 |
_a620.104 _bH521 |
| 082 | 0 | 0 |
_a620.104 _220 _bH521 |
| 092 | 0 | 4 |
_221 _a620.104 _bH521 |
| 099 | _a620.104 H521 | ||
| 100 | 1 |
_aHibbeler, R. C. _eAuthor. |
|
| 245 | 1 | 0 |
_aEngineering mechanics. _pDynamics / _cR.C. Hibbeler. |
| 250 | _a6th ed. | ||
| 260 |
_aNew York : _aToronto : _bMaxwell Macmillan Canada ; _aNew York : _bMaxwell Macmillan International, _cc1992. |
||
| 264 |
_aNew York : _bMacmillan ; _cc1992. |
||
| 300 |
_axv, 588 pages. : _billustration. ; _c25 cm. |
||
| 336 |
_2rdacontent _atext |
||
| 337 |
_2rdamedia _aUnmediated |
||
| 338 |
_2rdacarrier _avolume |
||
| 500 | _aIncludes index. | ||
| 504 | _aBibliography: pages 200-250. | ||
| 541 |
_aوزارة الثقافة ؛ _bالقاهرة ؛ _cإهداء ؛ _d2023. |
||
| 650 | 0 |
_aDynamics. _2qrmak |
|
| 651 | 1 | _2qrmak | |
| 905 | _aHany | ||
| 942 |
_2ddc _cBK _e21 _n0 |
||
| 999 |
_c180634 _d180634 |
||